000 00442nam a2200193Ia 4500
005 20240823020957.0
008 240823s9999||||xx |||||||||||||| ||und||
041 _aENGLISH
082 _A153.93
100 _aKhanna
245 0 _aIntelligence and Psychological Tests
250 _a1st
260 _bUpkar
500 _aTransfered
650 _apsychological
_bManagement Studies
700 _a Verma
942 _cBK
999 _c176003
_d176003